00343 a2200097 4500001001000000005001700010008004100027245010400068100001800172773005500190ART_4829220260410161757.0260409a 10aImpuesto a las ganancias. Renta financiera. Bonos o títulos emitidos por debajo del valor nominal1 aVolman, Mario0 tDoctrina tributariag- N°467 (feb. 2019)wREV4296